000 00938nam a22002777a 4500
001 4611
003 FISKH
005 20250206104955.0
008 240918b cb ||||| |||| 00| 0 eng d
040 _aFISKH
_beng
_cFISKH
_dFISKH
050 _aPZ7.C179
082 _2808.068
100 _aCapucilli, Alyssa Satin
245 _aBiscuit goes to school /
_cby Alyssa Satin Capucilli ; Picture by Pat Schories
250 _aFirst Scholastic printing, September 2005
260 _aNew York :
_bScholastic,
_c2002
300 _a25 unnumbered pages :
_bcolor illustrations ;
_c22 cm
505 _aE
520 _aA dog follows the bus to school, where he meets the teacher and takes part in the activities of the class.
521 8 _a160
_bLexile
521 8 _aE
_bRaz-Plus
650 _aBack to school
_vBeginning Reader
_xBiscuit
700 _aSchories, Pat
_eIllustrator
942 _2ddc
_cBK
_n0
999 _c4611
_d4611